<?xml version="1.0" encoding="UTF-8"?>
<collection xmlns="http://www.loc.gov/MARC21/slim">
 <record>
  <leader>02953nam a2200205 a 4500</leader>
  <controlfield tag="001">1/49499</controlfield>
  <controlfield tag="008">201026s2016    gr            00010 gre  </controlfield>
  <datafield tag="020" ind1=" " ind2=" ">
   <subfield code="a">9789609550765</subfield>
  </datafield>
  <datafield tag="035" ind1=" " ind2=" ">
   <subfield code="l">52508</subfield>
  </datafield>
  <datafield tag="040" ind1=" " ind2=" ">
   <subfield code="a">GR-PeUP</subfield>
  </datafield>
  <datafield tag="082" ind1="0" ind2="0">
   <subfield code="a">234.23 ΡΩΜ</subfield>
  </datafield>
  <datafield tag="100" ind1="1" ind2=" ">
   <subfield code="a">Ρωμαίος, Αντώνιος.</subfield>
  </datafield>
  <datafield tag="245" ind1="1" ind2="0">
   <subfield code="a">Μαθητεία στον σταυρό /</subfield>
   <subfield code="c">Αντωνίου Ρωμαίου Ιερομόναχου.</subfield>
  </datafield>
  <datafield tag="260" ind1="0" ind2=" ">
   <subfield code="a">Αθήνα :</subfield>
   <subfield code="b">Εν πλω,</subfield>
   <subfield code="c">2016.</subfield>
  </datafield>
  <datafield tag="300" ind1=" " ind2=" ">
   <subfield code="a">296 σ. ;</subfield>
   <subfield code="c">20 εκ.</subfield>
  </datafield>
  <datafield tag="500" ind1=" " ind2=" ">
   <subfield code="a">Περιεχόμενα: Εισαγωγή Α. Ο Σταυρός στη ζωή μας -Η βίωση της σχέσης του ανθρώπου με τον Θεό για τον νεοκληθέντα στην πίστη -Σταυρός και ελευθερία στη ζωή του χριστιανού -Σκάνδαλο και μωρία σφραγίδες αυθεντικότητας της εν Χριστώ ζωής -Λογική και εξωλογική διάσταση στην πνευματική ζωή -Τίνα με λέγουσιν οι άνθρωποι είναι... μετά 2000 χρόνια; -Η παρουσία του Χριστού στη σύγχρονη πολυπραγμοσύνη μας -Ο εναγκαλισμός του ψεύδους -Χρήστες ή ομόζυγοι Χριστού; Αυτοκριτική των χριστιανών του 21ου αιώνα -Η κένωση του σταυρού του Χριστού και του χριστιανού Β. Σταυρότυπος βακτηρία -Η πνευματική πατρότητα και η ελευθερία του προσώπου στη λειτουργία του Μυστηρίου της Μετανοίας -Σταυρός και Ιεραποστολή -Μερικά χαρακτηριστικά της υπόστασης του Αποστόλου -Προϋποθέσεις ιεραποστολικής διακονίας -Συνέπειες της ιεραποστολικής δράσης στην ίδια την Εκκλησία που ασκεί την ιεραποστολή -«Χριστώ συνεσταύρωμαι ζω δε ουκέτι εγώ, ζη δε εν εμοί Χριστός»: Η εφαρμογή του αποστολικού χωρίου στη ζωή του ιερέως Γ. Σταυρού και θανάτου επαγγελία -Ελευθερία: Πειρασμός ή όρος επιτυχίας στη ζωή της υπακοής; -Σκέψεις για τον ελλαδικό μοναχισμό.</subfield>
  </datafield>
  <datafield tag="650" ind1=" " ind2="4">
   <subfield code="a">Χριστιανισμός</subfield>
   <subfield code="x">Φιλοσοφία.</subfield>
  </datafield>
  <datafield tag="650" ind1=" " ind2="4">
   <subfield code="a">Πίστη.</subfield>
  </datafield>
  <datafield tag="650" ind1=" " ind2="4">
   <subfield code="a">Faith</subfield>
   <subfield code="x">Religion</subfield>
   <subfield code="x">Christianity.</subfield>
  </datafield>
  <datafield tag="852" ind1=" " ind2=" ">
   <subfield code="a">INST</subfield>
   <subfield code="b">UNIPILB</subfield>
   <subfield code="c">MAIN</subfield>
   <subfield code="e">20201026</subfield>
   <subfield code="h">234.23 ΡΩΜ</subfield>
   <subfield code="p">00183945</subfield>
   <subfield code="q">00183945</subfield>
   <subfield code="t">LOAN</subfield>
   <subfield code="y">0</subfield>
   <subfield code="4">1</subfield>
  </datafield>
 </record>
</collection>
